000
00253 a2200109 4500
001
31399
090
_c
21283
_d
21283
100
_a
McDonald, John C
245
_a
Fundamentals of Digital Switching, 2/e
250
_a
2
260
_a
N.Y
_b
Plunum
_c
1990
942
_a
NUST-CAE
_k
621.381537MCD
999
_c
266472
_d
266472